Αρχεία της ελληνικής παλιγγενεσίας 1821-1832 : "λυτά έγγραφα" Α' και Β' βουλευτικής περιόδου
Saved in:
| Format: | Book |
|---|---|
| Language: | Greek |
| Published: |
Αθήναι :
Εκδοσις Βιβλιοθήκης της Βουλής των Ελλήνων εκ του Εθνικού Τυπογραφίου,
1976-1997
|
| Series: | Αρχεία της Ελληνικής Παλιγγενεσίας ;
; 9-15 |
| Subjects: | |
| Tags: |
Add Tag
No Tags, Be the first to tag this record!
|
MARC
| LEADER | 00000cam a2200000 i 4500 | ||
|---|---|---|---|
| 001 | 1/6447 | ||
| 008 | 000531m19761997 gre d | ||
| 035 | |l 10061935 | ||
| 040 | |a GR-MY-UA |b gre |e aacr | ||
| 041 | 0 | |a gre | |
| 082 | 0 | |a 938.501 | |
| 245 | 1 | 0 | |a Αρχεία της ελληνικής παλιγγενεσίας 1821-1832 : |b "λυτά έγγραφα" Α' και Β' βουλευτικής περιόδου |
| 260 | |a Αθήναι : |b Εκδοσις Βιβλιοθήκης της Βουλής των Ελλήνων εκ του Εθνικού Τυπογραφίου, |c 1976-1997 | ||
| 300 | |a 8 τ. | ||
| 490 | 1 | |a Αρχεία της Ελληνικής Παλιγγεννεσίας |v ; 9-15 | |
| 500 | |a Περιέχει ευρετήριο | ||
| 505 | 0 | |a τ.1: Γερουσίαι - Αρειος Πάγος - Βουλευτικόν. - τ.2: Εκτελεστικόν. - τ.3 : Υπέρτατη Διοίκησις - Εκτελεστικόν Σώμα. - τ.4: Βουλευτικόν Σώμα. - τ.5: Υπουργεία Α'. - τ.6: Υπουργεία Β'. - τ.7: Λυτά έγγραφα έτους 1822 μέρος Α'-Β': Πελοπόννησος, Στερεά Ελλάς, Νήσοι. - τ.8: Λυτά έγγραφα έτους 1822 μέρος Γ': Εγγραφα οικονομικού περιεχομένου | |
| 651 | 0 | |a Greece |x History |y War of Independence, 1821-1829 |x Sources. | |
| 830 | 0 | |a Αρχεία της Ελληνικής Παλιγγενεσίας ; |v ; 9-15 | |
| 852 | |a INST |b LESVOS |e 20000531 |h 938.501 ΑΡΧ |p 005100023791 |q 005100023791 |t BK |y 0 |z τ.1 | ||
| 852 | |a INST |b LESVOS |e 20000531 |h 938.501 ΑΡΧ |p 005100023792 |q 005100023792 |t BK |y 0 |z τ.2 | ||
| 852 | |a INST |b LESVOS |e 20000531 |h 938.501 ΑΡΧ |p 005100023793 |q 005100023793 |t BK |y 0 |z τ.3 | ||
| 852 | |a INST |b LESVOS |e 20000531 |h 938.501 ΑΡΧ |p 005100023794 |q 005100023794 |t BK |y 0 |z τ.4 | ||
| 852 | |a INST |b LESVOS |e 20000531 |h 938.501 ΑΡΧ |p 005100023795 |q 005100023795 |t BK |y 0 |z τ.5 | ||
| 852 | |a INST |b LESVOS |e 20000531 |h 938.501 ΑΡΧ |p 005100023796 |q 005100023796 |t BK |y 0 |z τ.6 | ||
| 852 | |a INST |b LESVOS |e 20000531 |h 938.501 ΑΡΧ |p 005100023797 |q 005100023797 |t BK |y 0 |z τ.7 | ||
| 852 | |a INST |b LESVOS |e 20000531 |h 938.501 ΑΡΧ |p 005100023791 |q 005100023791 |t BK |v τ.1: |y 0 |z τ.1 | ||
| 852 | |a INST |b LESVOS |e 20000531 |h 938.501 ΑΡΧ |p 005100023792 |q 005100023792 |t BK |v τ.2: |y 0 |z τ.2 | ||
| 852 | |a INST |b LESVOS |e 20000531 |h 938.501 ΑΡΧ |p 005100023793 |q 005100023793 |t BK |v τ.3: |y 0 |z τ.3 | ||
| 852 | |a INST |b LESVOS |e 20000531 |h 938.501 ΑΡΧ |p 005100023794 |q 005100023794 |t BK |v τ.4: |y 0 |z τ.4 | ||
| 852 | |a INST |b LESVOS |e 20000531 |h 938.501 ΑΡΧ |p 005100023795 |q 005100023795 |t BK |v τ.5: |y 0 |z τ.5 | ||
| 852 | |a INST |b LESVOS |e 20000531 |h 938.501 ΑΡΧ |p 005100023796 |q 005100023796 |t BK |v τ.6: |y 0 |z τ.6 | ||
| 852 | |a INST |b LESVOS |e 20000531 |h 938.501 ΑΡΧ |p 005100023797 |q 005100023797 |t BK |v τ.7: |y 0 |z τ.7 | ||
| 852 | |a INST |b RHODES |e 20000614 |h 938.501 ΑΡΧ |p 005400013472 |q 005400013472 |t BK |y 0 |z τ.4 | ||
| 852 | |a INST |b RHODES |e 20000614 |h 938.501 ΑΡΧ |p 005400013474 |q 005400013474 |t BK |y 0 |z τ.8 | ||
| 852 | |a INST |b RHODES |e 20000614 |h 938.501 ΑΡΧ |p 005400013475 |q 005400013475 |t BK |y 0 |z τ.5 | ||
| 852 | |a INST |b RHODES |e 20000614 |h 938.501 ΑΡΧ |p 005400013476 |q 005400013476 |t BK |y 0 |z τ.6 | ||
| 852 | |a INST |b RHODES |e 20000614 |h 938.501 ΑΡΧ |p 005400013477 |q 005400013477 |t BK |y 0 |z τ.2 | ||
| 852 | |a INST |b RHODES |e 20000614 |h 938.501 ΑΡΧ |p 005400013478 |q 005400013478 |t BK |y 0 |z τ.1 | ||
| 852 | |a INST |b RHODES |e 20000614 |h 938.501 ΑΡΧ |p 005400013495 |q 005400013495 |t BK |y 0 |z τ.3 | ||
| 852 | |a INST |b RHODES |e 20000614 |h 938.501 ΑΡΧ |p 005400013497 |q 005400013497 |t BK |y 0 |z τ.7 | ||
| 852 | |a INST |b RHODES |e 20000614 |h 938.501 ΑΡΧ |p 005400013472 |q 005400013472 |t BK |v τ.4: |y 0 |z τ.4 | ||
| 852 | |a INST |b RHODES |e 20000614 |h 938.501 ΑΡΧ |p 005400013474 |q 005400013474 |t BK |v τ.8: |y 0 |z τ.8 | ||
| 852 | |a INST |b RHODES |e 20000614 |h 938.501 ΑΡΧ |p 005400013475 |q 005400013475 |t BK |v τ.5: |y 0 |z τ.5 | ||
| 852 | |a INST |b RHODES |e 20000614 |h 938.501 ΑΡΧ |p 005400013476 |q 005400013476 |t BK |v τ.6: |y 0 |z τ.6 | ||
| 852 | |a INST |b RHODES |e 20000614 |h 938.501 ΑΡΧ |p 005400013477 |q 005400013477 |t BK |v τ.2: |y 0 |z τ.2 | ||
| 852 | |a INST |b RHODES |e 20000614 |h 938.501 ΑΡΧ |p 005400013478 |q 005400013478 |t BK |v τ.1: |y 0 |z τ.1 | ||
| 852 | |a INST |b RHODES |e 20000614 |h 938.501 ΑΡΧ |p 005400013495 |q 005400013495 |t BK |v τ.3: |y 0 |z τ.3 | ||
| 852 | |a INST |b RHODES |e 20000614 |h 938.501 ΑΡΧ |p 005400013497 |q 005400013497 |t BK |v τ.7: |y 0 |z τ.7 | ||
| 853 | |a INST |b LESVOS |h 938.501 ΑΡΧ | ||
| 853 | |a INST |b RHODES |h 938.501 ΑΡΧ | ||
| 901 | |a BIBL4-2000-2 | ||
| 901 | |a BIBL1-2000-2 | ||
| 909 | |a Ρ |b 073820 | ||
| 909 | |a Ρ |b 073821 | ||
| 909 | |a Ρ |b 073813 | ||
| 909 | |a Ρ |b 073826 | ||
| 909 | |a Ρ |b 073823 | ||
| 909 | |a Ρ |b 073822 | ||
| 909 | |a Ρ |b 073814 | ||
| 909 | |a Ρ |b 073824 | ||
| 909 | |a Λ |b 072472 | ||
| 909 | |a Λ |b 072471 | ||
| 909 | |a Λ |b 072470 | ||
| 909 | |a Λ |b 072469 | ||
| 909 | |a Λ |b 072468 | ||
| 909 | |a Λ |b 072466 | ||
| 909 | |a Λ |b 072467 | ||
| 922 | |a 4ΔΩΡ |b 200004 |c ΔΩΡΕΑ | ||
| 970 | |a ΚΟΥΛΑΚΙΟΤΗ |b ΛΙΤΣΑ |z 2000/06/14 | ||
| 970 | |z 2000/05/ΔΕΜΕΝΑΓΑΣ (ELIDOC) | ||